000 00619nam a2200205Ia 4500
001 9657
003 GE_BSU
008 181216s||||||||xx |||||||||||||| ||und||
040 _cGE_BSU
080 _a821.353.1–1
100 _aნადირაძე,კოლაუ
245 _aლექსები
245 _cრედ.ი.ხოშტარია,მხატვ.ო.ჯიშკარიანი
260 _aთბილისი
260 _bსაბჭოთა საქართველო
260 _c1967
300 _a224გვ.17სმ.
653 _aლექსები
942 _cBK
999 _c42941
_d42941